Logo BPK

Biblioteka

Politechniki Koszalińskiej

Praktyczny poradnik poszukiwania pracy : (Rekord nr 40052)

Szczegóły MARC
000 -ETYKIETA REKORDU
podpole kontrolne o stałej długości 01249nam a2200301 i 4500
001 - NUMER KONTROLNY REKORDU
pole kontrolne bg
020 ## - MIĘDZYNARODOWY ZNORMALIZOWANY NUMER KSIĄŻKI - ISBN
ISBN 8390875519
040 ## - ŹRÓDŁO KATALOGOWANIA
Instytucja, która utworzyła rekord BPK
041 0# - KOD JĘZYKA
Kod języka tekstu plende
080 ## - UNIWERSALNA KLASYFIKACJA DZIESIĘTNA - UKD
UKD 651.7:331.5](083)
920 ## - Międzynarodowy znormalizowany numer książki – ISBN
ISBN 83-908755-1-9
008 - POLE O STAŁEJ DŁUGOŚCI - DANE KONTROLNE
podpole kontrolne o stałej długości s pl f |000 0 pol
100 1# - NAZWA OSOBOWA
Nazwa osobowa SZYDŁOWSKI, Bronisław.
245 10 - TYTUŁ/ODPOWIEDZIALNOŚĆ
Tytuł Praktyczny poradnik poszukiwania pracy :
Ciąg dalszy tytułu wzory listów motywacyjnych i curriculum vitae po polsku, angielsku i niemiecku : jak przygotować się do rozmowy z pracodawcą i odpowiedzieć na pytania z jakimi się spotkasz podczas rozmowy kwalifikacyjnej /
Pozostałe elementy strefy tytułu i oznaczenia odpowiedzialności Bronisław Szydłowski.
250 ## - STREFA WYDANIA
Oznaczenie wydania Wyd.3 rozsz.
260 ## - STREFA ADRESU WYDAWNICZEGO
Miejsce wydania Kraków :
Nazwa wydawcy/dystrybutora "Help-Pol",
Data publikacji, dystrybucji/powstania dokumentu 2001.
300 ## - STREFA OPISU FIZYCZNEGO
Objętość 128 s. :
Inne cechy fizyczne 1 wykr. ;
Rozmiary 24 cm.
500 ## - UWAGI OGÓLNE
Tekst uwagi Na okł. podtyt.: listy motywacyjne i curiculum vitae, wzory polskie, angielskie i niemieckie, najlepsze odpowiedzi do najtrudniejszych pytań podczas rozmowy kwalifikacyjnej.
500 ## - UWAGI OGÓLNE
Tekst uwagi Tekst częśc. równol. pol., ang., niem.
650 #9 - HASŁO PRZEDMIOTOWE W FORMIE NAZWY OGÓLNEJ LUB JEDNOSTKOWEJ
Nazwa ogólna lub geograficzna Korespondencja urzędowa
650 #9 - HASŁO PRZEDMIOTOWE W FORMIE NAZWY OGÓLNEJ LUB JEDNOSTKOWEJ
Nazwa ogólna lub geograficzna Rozmowa
650 #9 - HASŁO PRZEDMIOTOWE W FORMIE NAZWY OGÓLNEJ LUB JEDNOSTKOWEJ
Nazwa ogólna lub geograficzna Zatrudnienie
650 #9 - HASŁO PRZEDMIOTOWE W FORMIE NAZWY OGÓLNEJ LUB JEDNOSTKOWEJ
Nazwa ogólna lub geograficzna Życiorysy urzędowe
655 ## - TERMIN INDEKSOWY - OKREŚLENIE RODZAJU/FORMY DOKUMENTU
Określenie rodzaju/formy dokumentu Poradniki
655 ## - TERMIN INDEKSOWY - OKREŚLENIE RODZAJU/FORMY DOKUMENTU
Określenie rodzaju/formy dokumentu Tablice i wzory
856 ## - LOKALIZACJA I DOSTĘP DO ELEKTRONICZNYCH DOKUMENTÓW ZDALNYCH
Link (URL) http://koha.tu.koszalin.pl/cgi-bin/koha/opac-detail.pl?biblionumber=40052
Tekst linku Katalog online BPK
942 ## - DODATKOWE ELEMENTY (KOHA)
Typ dokumentu Książka
Egzemplarze
Wycofany Status egzemplarza Uszkodzony Dostępność Lokalizacja stała Lokalizacja bieżąca Miejsce przechowywania Sygnatura Kod kreskowy Dział Typ dokumentu
      Tylko na miejscu Biblioteka Politechniki Koszalińskiej Biblioteka Politechniki Koszalińskiej Czytelnia BG 59924 01619515 331 Praca Książka
      Dostępny Biblioteka Politechniki Koszalińskiej Biblioteka Politechniki Koszalińskiej Wypożyczalnia BG 59925 01619508   Książka
      Tylko na miejscu Biblioteka Politechniki Koszalińskiej Biblioteka Politechniki Koszalińskiej Czytelnia Wydziałowa ul. Kwiatkowskiego 6e 59926 01619492 331 Praca Książka
      Dostępny Biblioteka Politechniki Koszalińskiej Biblioteka Politechniki Koszalińskiej Wypożyczalnia BG 59949 01619263   Książka
© 2023 Biblioteka Politechniki Koszalińskiej :: KOHA